People of the saltwater : (Record no. 6871)
[ view plain ]
| 000 -LEADER | |
|---|---|
| fixed length control field | 01151cam a2200301 4500 |
| 001 - CONTROL NUMBER | |
| control field | 7987 |
| 005 - DATE AND TIME OF LATEST TRANSACTION | |
| control field | 20181127184829.0 |
| 008 - FIXED-LENGTH DATA ELEMENTS--GENERAL INFORMATION | |
| fixed length control field | 160302s2016 nbuab b 001 0 eng |
| 010 ## - LIBRARY OF CONGRESS CONTROL NUMBER | |
| LC control number | 2016010580 |
| 020 ## - INTERNATIONAL STANDARD BOOK NUMBER | |
| International Standard Book Number | 9780803288089 (cloth : alk. paper) |
| Canceled/invalid ISBN | 9780803291706 (pdf) |
| 082 00 - DEWEY DECIMAL CLASSIFICATION NUMBER | |
| Classification number | 971.1004/974128 |
| Edition number | 23 |
| 100 1# - MAIN ENTRY--PERSONAL NAME | |
| Personal name | Menzies, Charles R., |
| Relator term | |
| 245 10 - TITLE STATEMENT | |
| Title | People of the saltwater : |
| Remainder of title | an ethnography of git lax m'oon / |
| Statement of responsibility, etc. | Charles R. Menzies. |
| 246 3# - VARYING FORM OF TITLE | |
| Title proper/short title | People of the saltwater, an ethnography of Gitxaala |
| Title proper/short title | Ethnography of git lax m'oon |
| 264 #1 - PRODUCTION, PUBLICATION, DISTRIBUTION, MANUFACTURE, AND COPYRIGHT NOTICE | |
| Place of production, publication, distribution, manufacture | Lincoln, NE : |
| Name of producer, publisher, distributor, manufacturer | University of Nebraska Press, |
| Date of production, publication, distribution, manufacture, or copyright notice | [2016] |
| 300 ## - PHYSICAL DESCRIPTION | |
| Extent | ix, 179 pages : |
| Other physical details | illustrations, maps ; |
| Dimensions | 24 cm |
| 336 ## - CONTENT TYPE | |
| Content type term | text |
| Source | rdacontent |
| 337 ## - MEDIA TYPE | |
| Media type term | unmediated |
| Source | rdamedia |
| 338 ## - CARRIER TYPE | |
| Carrier type term | volume |
| Source | rdacarrier |
| 504 ## - BIBLIOGRAPHY, ETC. NOTE | |
| Bibliography, etc. note | Includes bibliographical references (pages 161-169) and index. |
| 650 #0 - SUBJECT ADDED ENTRY--TOPICAL TERM | |
| Topical term or geographic name entry element | Traditional fishing |
| Geographic subdivision | British Columbia. |
| Topical term or geographic name entry element | Tsimshian Indians |
| General subdivision | History. |
| Topical term or geographic name entry element | Tsimshian Indians |
| General subdivision | Politics and government. |
| Topical term or geographic name entry element | Tsimshian Indians |
| Geographic subdivision | British Columbia |
| -- | Prince Rupert Forest Region. |
| Withdrawn status | Lost status | Source of classification or shelving scheme | Damaged status | Not for loan | Collection code | Home library | Current library | Shelving location | Date acquired | Serial Enumeration / chronology | Inventory number | Total Checkouts | Total Renewals | Full call number | Barcode | Date last seen | Date last checked out | Price effective from | Koha item type |
|---|---|---|---|---|---|---|---|---|---|---|---|---|---|---|---|---|---|---|---|
| Dewey Decimal Classification | Main TEST | RTC Library | RTC Library | Main opac | 11/08/2025 | 12071 | 2 | 9 | 971.1 MEN | 30011836 | 25/11/2025 | 11/08/2025 | 27/11/2018 | Main |